| 000 | 00565nam a22001937a 4500 | ||
|---|---|---|---|
| 003 | OSt | ||
| 005 | 20210224083013.0 | ||
| 008 | 210224s1995 ||||| |||| 00| 0 eng d | ||
| 040 |
_aeng _beng _cDLC |
||
| 041 | _aeng | ||
| 080 |
_a94 (479.22) _bM-61 |
||
| 100 |
_91058 _aMetreveli, Roin |
||
| 245 |
_aGeorgia _c/ by: Publisher's International |
||
| 260 |
_aNashville, Tennessee _bPublisher's International _c1995 |
||
| 300 |
_a115 p. _bill. |
||
| 650 | 0 |
_9240 _aHistory of Georgia |
|
| 653 | _aსაქართველოს ისტორია | ||
| 942 |
_2udc _cBK |
||
| 999 |
_c1693 _d1693 |
||